000
00339nam a2200169#a 4500
001
01527
003
HDC
007
ta
008
230623s2023 xx 000 0 eng d
040
_a
HDC
050
_a
HC497
_b
.H66 2011.
245
0
_a
Hong Kong in figures.
942
_2
lcc
942
_c
BK
942
_k
HC497
942
_m
.H66 2011.
999
_c
23093
_d
23093